Songs in films Quiz Stats

Quiz not verified by Sporcle

Also try: British actresses
Challenge
Share
Tweet
Embed
Score 0/22 Timer 04:00
0 Plays Today
% Correct
Mary Poppins
94.5%
Evita
94.5%
Grease
93.2%
The Wizard of Oz
93.2%
The Lion King
93.2%
The Jungle Book
90.4%
The Sound of Music
86.3%
Oliver!
82.2%
My Fair Lady
80.8%
Monty Python's Life of Brian
75.3%
Oklahoma!
74%
% Correct
The Phantom of the Opera
72.6%
Breakfast at Tiffany's
68.5%
Les Misérables
67.1%
The King and I
63%
Show Boat
57.5%
Wesr Side Story
57.5%
Paint Your Wagon
43.8%
South Pacific
43.8%
A Little Night Music
35.6%
Easter Parade
34.2%
The Jazz Singer
28.8%

You're not logged in!

Compare scores with friends on all Sporcle quizzes.
Sign Up with Email
OR
Log In

You Might Also Like...

Show Comments

Extras

Top Quizzes Today


Score Distribution

Your Account Isn't Verified!

In order to create a playlist on Sporcle, you need to verify the email address you used during registration. Go to your Sporcle Settings to finish the process.